operational research [cd] (Record no. 322672)

000 -LEADER
fixed length control field 00322 a2200133 4500
001 - CONTROL NUMBER
control field 87599
082 ## - DEWEY DECIMAL CLASSIFICATION NUMBER
Classification number N-3588
090 ## - LOCALLY ASSIGNED LC-TYPE CALL NUMBER (OCLC); LOCAL CALL NUMBER (RLIN)
-- 41054
-- 41054
100 ## - MAIN ENTRY--PERSONAL NAME
Personal name Junaid, Dr
245 ## - TITLE STATEMENT
Title operational research [cd]
Name of part/section of a work CAE9 Cds set
Remainder of title MTH601
260 ## - PUBLICATION, DISTRIBUTION, ETC.
Place of publication, distribution, etc. Lahore
Name of publisher, distributor, etc. 2005
Date of publication, distribution, etc. Virtual University
500 ## - GENERAL NOTE
General note CD/DVD
520 ## - SUMMARY, ETC.
Summary, etc. video library
942 ## - ADDED ENTRY ELEMENTS (KOHA)
Institution code [OBSOLETE] CAE NUST
Call number prefix N-3588
Holdings
Withdrawn status Lost status Damaged status Not for loan Collection code Permanent Location Current Location Date acquired Total Checkouts Full call number Barcode Date last seen Price effective from Koha item type
          College of Aeronautical Engineering (CAE) College of Aeronautical Engineering (CAE) 04/03/2017   N-3588 CAEN-3588 04/05/2017 04/05/2017 Book
© 2023 Central Library, National University of Sciences and Technology. All Rights Reserved.